000 00740nam a2200217Ia 4500
005 20241129105933.0
008 241129s9999||||xx |||||||||||||| ||und||
020 _a978-81-8031-111-6
037 _aTB
040 _aARTS
_bhin
_cARTS
041 _ahin
_2hin
084 _aO152:gN Q8
_qARTS
100 _aनामवर सिंह, ले.
245 0 _aआधुनिक साहित्य की प्रवृत्तियॉं
_cनामवर सिंह, ले.
260 _aइलाहाबाद, भारत
_bलोकी प्रकाशन
_c2016
300 _a122पृ0
365 _aINR
_b225
650 _aHindi Literature
_923866
942 _cTB
_hO152:gN Q8
999 _c1226664
_d1226664